LEADER 01111nam0 22002771i 450 001 UON00028526 005 20231205102050.24 100 $a20020107d1966 |0itac50 ba 101 $aeng 102 $aNL 105 $a|||| 1|||| 200 1 $aˆA ‰linguistic analysis of Akkadian$fby Erica Reiner 210 $aThe Hague$cMouton$d1966 215 $a155 p.$d26 cm. 410 1$1001UON00088338$12001 $aJanua Linguarum$eStudia Memoriae Nicolai van Wijk Dedicata. Series Practica$v21 606 $aLingua accadica$xGrammatiche$3UONC004709$2FI 620 $aNL$dDen Haag$3UONL000378 686 $aMES II B$cMESOPOTAMIA - LINGUISTICA - GRAMMATICHE$2A 700 1$aREINER$bErica$3UONV008082$0644232 712 $aMouton & Co.$3UONV246360$4650 801 $aIT$bSOL$c20250502$gRICA 899 $aSIBA - SISTEMA BIBLIOTECARIO DI ATENEO$2UONSI 912 $aUON00028526 950 $aSIBA - SISTEMA BIBLIOTECARIO DI ATENEO$dSI MES II B 003 $eSI SEM288 7 003 996 $aLinguistic analysis of Akkadian$91188874 997 $aUNIOR LEADER 01569nam0 22003613i 450 001 RMS0000062 005 20251003044342.0 010 $a0792302338 100 $a20100316d1990 ||||0itac50 ba 101 | $aeng$cita 102 $anl 181 1$6z01$ai $bxxxe 182 1$6z01$an 200 1 $aTheory of random determinants$fby V. L. Girko 210 $aDordrecht$aBoston$aLondon$cKluwer academic publishers$dc1990 215 $aXXV, 677 p.$cill.$d25 cm 225 | $aMathematics and its applications. Soviet series$f[edited by] Michiel Hazewinkel$v45 312 $aTitolo originale: Teorii?a? sluchai?nykh determinantov $9NAP0594444 410 0$1001TO00514746$12001 $aMathematics and its applications. Soviet series$f[edited by] Michiel Hazewinkel$v45 500 10$aTeorii?a? sluchai?nykh determinantov $3NAP0594444$9RMSV000051$91574622 606 $aDeterminanti$2FIR$3SBLC043680$9I 606 $aMatrici $2FIR$3CFIC015820$9I 676 $a512.9$9FONDAMENTI DELL'ALGEBRA$v14 676 $a512.9434$9FONDAMENTI DELL'ALGEBRA. MATRICI$v22 700 1$aGirko$b, Vi?a?cheslav Leonidovich$3RMSV000051$4070$0770604 801 3$aIT$bIT-000000$c20100316 850 $aIT-BN0095 901 $bNAP 01$cSALA DING $n$ 912 $aRMS0000062 950 0$aBiblioteca Centralizzata di Ateneo$c1 v.$d 01SALA DING 512.9 GIR.th$e 0102 0000081325 VMA A4 1 v.$fY $h20100302$i20100302 977 $a 01 996 $aTeorii?a? sluchai?nykh determinantov$91574622 997 $aUNISANNIO